000 00563nam a22002057a 4500
003 OSt
005 20230728135304.0
008 130719t xxu||||| |||| 00| 0 eng d
020 _a9788963704401
050 _aQC 16
_b.A36 2013
245 _aWho? : Albert Einstein
_bAhn, Hyungmo
260 _aSouth Korea
_cc2013.
300 _a173 p. ;
_bill. col. ;
_c28 cm.
_ewith 2 audio cd.
500 _aIn English and Korean text.
562 _e1
610 _aLanguage and languages
_92017
610 _aEinstein, Albert.
_92018
942 _2lcc
_cBK
999 _c7094
_d7094